| 000 | 00705nam a2200253 i 4500 | ||
|---|---|---|---|
| 001 | 92051 | ||
| 003 | ES-MaACL | ||
| 005 | 20230906180904.0 | ||
| 007 | t| | ||
| 008 | 050329s1999 fr ||||1| fre d | ||
| 020 | _a2-13-045661-8 | ||
| 080 | _a159.953 | ||
| 100 | 1 |
_aBergson, Henri. _928013 |
|
| 245 | 1 | 0 |
_aMatière et mémoire : _bessai sur la relation du corps á l'esprit / _cHenri Bergson. |
| 250 | _a6e ed. | ||
| 260 |
_aParis : _bPresses Universitaires de France, _c1999. |
||
| 300 |
_a280 p. ; _c19 cm. |
||
| 490 | 1 | _aQuadrige | |
| 650 | 4 |
_aMente y cuerpo. _914993 |
|
| 650 | 4 |
_aMemoria. _914989 |
|
| 830 | 1 |
_aQuadrige _9180826 |
|
| 852 |
_aES-MaACL _jE-10861 |
||
| 999 |
_c92051 _d92051 |
||